Geometry. V, Minimal surfaces /
Guardado en:
| Otros Autores: | |
|---|---|
| Formato: | Libro |
| Idioma: | German |
| Publicado: |
Berlin :
Springer,
c1997.
|
| Series: | Encyclopaedia of mathematical sciences,
v. 90 |
| Etiquetas: |
Agregar Etiqueta
Sin Etiquetas, Sea el primero en etiquetar este registro!
|
| LEADER | 01007nam a22001935a 4500 | ||
|---|---|---|---|
| 001 | MAT.inmabb000091 | ||
| 008 | 031211s1997####gw############001#0#ger#d | ||
| 005 | 20160404173211.0 | ||
| 245 | 1 | 0 | |a Geometry. |n V, |p Minimal surfaces / |c R. Osserman (ed.). |
| 260 | |a Berlin : |b Springer, |c c1997. | ||
| 300 | |a 272 p. ; |c 25 cm. | ||
| 440 | 0 | |a Encyclopaedia of mathematical sciences, |x 0938-0396 ; |v v. 90 | |
| 500 | |a Title of the Russian edition: Itogi nauki i tekhniki, Sovremennye problemy matematiki, Fundamental'nye napravleniya, Vol. 90, Geometriya 5. | ||
| 510 | 4 | |a MR, |c 98g:53014 | |
| 505 | 0 | |a David Hoffman [David A. Hoffman] and Hermann Karcher, Complete embedded minimal surfaces of finite total curvature -- Hirotaka Fujimoto, Nevanlinna theory and minimal surfaces -- Stefan Hildebrandt, Boundary value problems for minimal surfaces -- Leon Simon, The minimal surface equation. | |
| 020 | |a 3540605231 | ||
| 700 | 1 | |a Osserman, Robert. |4 edt | |
| 084 | |a 53A10 (53-06) |2 msc2000 | ||
| 859 | |h 53 |i G345 |p A-7792 |b BIB. MATEMATICA | ||
